000 00448nam a2200169 a 4500
001 0000-8818
003 ELIB.Books
008 110520 1982
035 _a(ELIB.Books)0000-8964
082 _a242
_bBoo
100 _aBoom, Corrie Ten
245 _aThis day is the Lord's
260 _bGreat Britain: Hodder and Stoughton Christian
_c1982
650 _aDevotional Theology
942 _2ddc
_cBK
998 _cbat
_e2011-05-20
999 _c8818
_d8818